| 000 | 00475nam a22001577a 4500 | ||
|---|---|---|---|
| 005 | 20231026105243.0 | ||
| 008 | 231026b |||||||| |||| 00| 0 eng d | ||
| 041 | _aEnglish | ||
| 082 | _a347 DAV | ||
| 100 |
_aDavis, G _lEnglish |
||
| 245 |
_aLaw and Practice of Arbitration in South Africa / _cG Davis |
||
| 260 |
_aDurban : _bButterworths, _c1966 |
||
| 300 |
_bxvi, 225 pages ; _c23,3 cm. |
||
| 650 |
_aLegal practice _bLaw |
||
| 942 |
_cBK _6ALISON_BN_VRIES |
||
| 999 |
_c83 _d83 |
||